| LEADER | 00969cam a2200277 4500 | ||
|---|---|---|---|
| 001 | u49657 | ||
| 003 | SIRSI | ||
| 008 | 870316s1986 my bt 0 eng m | ||
| 015 | |a X860001883 | ||
| 035 | |a AAF-3448 | ||
| 040 | |a UMM | ||
| 043 | |a a-my--- | ||
| 050 | 1 | |a RC137 | |
| 090 | 0 | 0 | |a RC137 |b Gun |
| 091 | |a Microfiche 9688 | ||
| 100 | 0 | 0 | |a Gunasegaran Karupiah |
| 245 | 1 | 0 | |a Rapid diagnosis and epidemiology of dengue virus infections in Malaysia / |c by Gunasegaran Karupiah |
| 260 | |c 1986 | ||
| 300 | |a vii, 241 leaves : |b ill., map ; |c 30cm | ||
| 500 | |a Also available in microfiche. Kuala Lumpur : Perpustakaan Universiti Malaya, 1994. 3 microfiches : negative ; 11x15cm | ||
| 502 | |a Dissertation (M.Sc.) - Universiti Malaya, 1986. | ||
| 650 | 0 | |a Dengue |z Malaysia |x Diagnosis | |
| 650 | 0 | |a Epidemiology |x Malaysia | |
| 948 | |a 16/03/1991 |b 16/07/2002 | ||
| 596 | |a 1 | ||
| 999 | |a RC137 GUN |w LC |c 1 |i A010115225 |d 24/9/2014 |e 24/9/2014 |l STACKS |m P01UTAMA |n 6 |r Y |s Y |t TESIS |u 17/3/1992 | ||
